000 00552nam a2200181 i 4500
001 101576
003 ES-MaACL
005 20230906182933.0
007 t|
008 051020s1971 sp ||||1| spa d
100 1 _aMedvedev, Dmitriï Nikolaevich.
_979778
245 1 3 _aLa guerrilla soviética /
_cDmitriï N. Medvédev ; [traducido del ruso por Angel C. Tomás].
250 _a[1ª ed.].
260 _aBarcelona :
_bDestino,
_c1971.
300 _a541 p. ;
_c19 cm.
700 1 _aTomás, Angel C.
_9110498
852 _aES-MaACL
_jC-39338
_bR.79583
999 _c101576
_d101576